000 00207nam a22000857a 4500
008 170622b xxu||||| |||| 00| 0 eng d
100 _93638
_aNCERT
245 _aPhysics Class - XII Part - 1
260 _aNCERT
_c1988
999 _c7029
_d7029